Loading...
| Fine Arts - Painting and Sculpture | 0 | 8 | 0 | 0 | 80 | 20 | 40.13 | 4 | 6 | 52.89 | 67.78 |
| Literature - World | 0 | 3 | 0 | 0 | 30 | 52 | 70.33 | 0 | 2 | 12.99 | 18.89 |
| Literature - British | 0 | 2 | 0 | 0 | 20 | 36 | 40.50 | 0 | 2 | 12.79 | 15.56 |
| Mythology | 0 | 2 | 0 | 0 | 20 | 69 | 70.50 | 1 | 2 | 7.08 | 12.22 |
| Religion | 0 | 2 | 1 | 0 | 15 | 53 | 57.00 | 0 | 2 | 9.45 | 13.33 |
| History - Other | 0 | 1 | 0 | 0 | 10 | 44 | 44.00 | 1 | 1 | 6.24 | 10.00 |
| Literature - European | 0 | 1 | 1 | 0 | 5 | 86 | 86.00 | 0 | 0 | 2.46 | 3.33 |
| Literature - American | 0 | 1 | 1 | 0 | 5 | 57 | 57.00 | 0 | 1 | 4.86 | 7.78 |
| History - World | 0 | 1 | 2 | 0 | 0 | 48 | 48.00 | 0 | 0 | 5.29 | 5.56 |
| Fine Arts - Classical Music | 0 | 0 | 1 | 0 | -5 | 0.00 | 0 | 0 | 0.00 | 0.00 | |
| Fine Arts - Other | 0 | 0 | 1 | 0 | -5 | 0.00 | 0 | 0 | 0.00 | 0.00 | |
| History - European | 0 | 0 | 2 | 0 | -10 | 0.00 | 0 | 0 | 0.00 | 0.00 | |
| History - American | 0 | 0 | 2 | 0 | -10 | 0.00 | 0 | 0 | 0.00 | 0.00 |